[Event "GER-ch U25-B"]
[Site "Willingen"]
[Date "2018.05.26"]
[Round "9"]
[White "Jenner, Meikel"]
[Black "Lessmann, Soenke"]
[Result "0-1"]
[WhiteElo "1743"]
[BlackElo "1604"]
[PlyCount "56"]
[EventDate "2018.05.19"]
[EventType "swiss"]
[EventRounds "9"]
[EventCountry "GER"]
[SourceTitle "CBM 184 Extra"]
[Source "ChessBase"]
[SourceDate "2018.06.28"]
[SourceVersion "1"]
[SourceVersionDate "2018.06.28"]
[SourceQuality "1"]

1. e4 e5 2. Nf3 Nc6 3. Bc4 Bc5 4. c3 Nf6 5. d3 a6 6. Bb3 0-0 7. 0-0 d6 8. h3 h6 9. Nbd2 Nh7 10. Re1 Kh8 11. Nf1 f5 12. exf5 Bxf5 13. Ng3 Qd7 14. Bc2 Ne7 15. Be3 Bxe3 16. Rxe3 Nd5 17. Nxf5 Rxf5 18. Re1 Raf8 19. Nh4 Rg5 20. Nf3 Rxg2+ 21. Kxg2 Nf4+ 22. Kg1 Qxh3 23. Nh4 Qxh4 24. Re3 Nh3+ 25. Rxh3 Qxh3 26. Qf1 Qf5 27. Qe2 Ng5 28. Qe3 Qg4+ 0-1

[Event "GER-ch U25-B"]
[Site "Willingen"]
[Date "2018.05.21"]
[Round "3"]
[White "Huppert, Anna"]
[Black "Lessmann, Soenke"]
[Result "1/2-1/2"]
[WhiteElo "1336"]
[BlackElo "1604"]
[PlyCount "138"]
[EventDate "2018.05.19"]
[EventType "swiss"]
[EventRounds "9"]
[EventCountry "GER"]
[SourceTitle "CBM 184 Extra"]
[Source "ChessBase"]
[SourceDate "2018.06.28"]
[SourceVersion "1"]
[SourceVersionDate "2018.06.28"]
[SourceQuality "1"]

1. e4 e5 2. Nf3 d6 3. Bc4 Be7 4. Nc3 Nf6 5. d4 Nbd7 6. dxe5 dxe5 7. Be3 c6 8. Bb3 0-0 9. 0-0 Bb4 10. Bg5 Qc7 11. Qe2 h6 12. Bh4 b6 13. Rad1 Bb7 14. Qe3 a5 15. a4 Ba6 16. Rfe1 Bc5 17. Qd2 Rad8 18. Qc1 Bb4 19. Re3 Rc8 20. Na2 Bc5 21. Ree1 Nh5 22. c3 Ndf6 23. Bc2 Rfd8 24. b4 Rxd1 25. Qxd1 Rd8 26. Qb1 Be7 27. Rd1 Rxd1+ 28. Qxd1 Bc4 29. Bb3 Bxb3 30. Qxb3 Nxe4 31. Bxe7 Qxe7 32. c4 Qd6 33. g3 Nhf6 34. bxa5 bxa5 35. Nc3 Qd3 36. Qb8+ Kh7 37. Nxe4 Qxe4 38. Nxe5 Qe1+ 39. Kg2 Ne4 40. Qb2 Nd2 41. g4 Qe4+ 42. Kg3 Nf1+ 43. Kh3 Qh1 44. f4 Qe4 45. Qf2 Ne3 46. Nxc6 Nxc4 47. Ne5 Nxe5 48. fxe5 Qxe5 49. Qxf7 Qe3+ 50. Kg2 Qe4+ 51. Qf3 Qxa4 52. Qf5+ Kg8 53. Qe6+ Kh8 54. Qc8+ Kh7 55. Qf5+ Kg8 56. Qe6+ Kf8 57. Qd6+ Ke8 58. Qe6+ Kd8 59. Qb6+ Kd7 60. Qa7+ Kd6 61. Qb8+ Kc5 62. Qf8+ Kb5 63. Qe8+ Kb4 64. Qe4+ Ka3 65. Qe7+ Kb2 66. Qxg7+ Kc1 67. Qxh6+ Kb1 68. Qb6+ Kc1 69. Qe3+ Kc2 1/2-1/2

[Event "GER-ch U25-B"]
[Site "Willingen"]
[Date "2017.06.10"]
[Round "9"]
[White "Lessmann, Soenke"]
[Black "Rautenberg, Jakob"]
[Result "1-0"]
[WhiteElo "1557"]
[BlackElo "1522"]
[PlyCount "93"]
[EventDate "2017.06.04"]
[EventType "swiss"]
[EventRounds "9"]
[EventCountry "GER"]
[SourceTitle "CBM 178 Extra"]
[Source "ChessBase"]
[SourceDate "2017.06.22"]
[SourceVersion "1"]
[SourceVersionDate "2017.06.22"]
[SourceQuality "1"]

1. e4 e5 2. Nf3 Nc6 3. Bc4 Bc5 4. c3 Nf6 5. d3 a6 6. Nbd2 d6 7. h3 Be6 8. Bb3 Ba7 9. 0-0 h6 10. Re1 Qd7 11. Bxe6 Qxe6 12. Nf1 0-0 13. Ng3 Rfe8 14. Nf5 Rad8 15. Nh2 Ne7 16. Qf3 Nxf5 17. exf5 Qd5 18. Qg3 Kh7 19. c4 Qc6 20. Qh4 Kg8 21. Bxh6 gxh6 22. Qxf6 d5 23. Ng4 Kf8 24. Qh8+ Ke7 25. Rxe5+ Kd6 26. Qf6+ Kd7 27. Qxf7+ Kc8 28. Rxe8 Rxe8 29. Qxd5 Qb6 30. Qf7 Rd8 31. Qe6+ Kb8 32. Qxb6 Bxb6 33. Rd1 Rf8 34. Nxh6 Rf6 35. Ng4 Rxf5 36. d4 Rf4 37. c5 Ba7 38. g3 Re4 39. Ne3 b6 40. b4 Kb7 41. h4 c6 42. h5 Re6 43. g4 Bb8 44. Kg2 Bf4 45. Kf3 Bh6 46. Nf5 Rf6 47. Re1 1-0

[Event "GER-chT U12"]
[Site "Magdeburg"]
[Date "2016.12.27"]
[Round "2.2"]
[White "Weihrauch, Jakob"]
[Black "Lessmann, Soenke"]
[Result "1-0"]
[WhiteElo "1890"]
[BlackElo "1579"]
[PlyCount "99"]
[EventDate "2016.12.27"]
[EventType "team-swiss"]
[EventRounds "7"]
[EventCountry "GER"]
[SourceTitle "EXT 2018"]
[Source "ChessBase"]
[SourceDate "2017.10.13"]
[SourceVersion "1"]
[SourceVersionDate "2017.10.13"]
[SourceQuality "1"]
[WhiteTeam "Hamburger SK"]
[BlackTeam "Rheydt"]
[WhiteTeamCountry "GER"]
[BlackTeamCountry "GER"]

1. e4 e5 2. Nf3 Nc6 3. Bb5 a6 4. Ba4 Nf6 5. 0-0 d6 6. Re1 Be7 7. c3 0-0 8. h3 b5 9. Bc2 Bb7 10. d3 Re8 11. Nbd2 h6 12. Nf1 Bf8 13. Ne3 Ne7 14. Qe2 Ng6 15. Nf5 Nf4 16. Bxf4 exf4 17. g4 fxg3 18. Nxg3 Qd7 19. Kh2 Rad8 20. d4 c5 21. Rad1 Qc7 22. Qd3 g6 23. d5 Bg7 24. Ng1 Nd7 25. f4 g5 26. fxg5 hxg5 27. Qd2 f6 28. Nf5 Ne5 29. Qf2 Bc8 30. b3 Bxf5 31. Qxf5 Qa5 32. Re3 Qxa2 33. Rd2 b4 34. c4 Qa5 35. Rg2 Qc7 36. Reg3 Qd7 37. Qf2 Rf8 38. h4 Qe8 39. Bd1 Rd7 40. hxg5 fxg5 41. Qe3 Nf7 42. Nf3 Be5 43. Nxe5 Qxe5 44. Bg4 Re7 45. Be6 Rxe6 46. dxe6 Qxe6 47. Qf3 Re8 48. Kg1 Kf8 49. Rxg5 Qxe4 50. Rg8+ 1-0

[Event "GER-ch U25-B"]
[Site "Willingen"]
[Date "2016.05.18"]
[Round "6"]
[White "Caliebe, Nanke"]
[Black "Lessmann, Soenke"]
[Result "1-0"]
[WhiteElo "1469"]
[BlackElo "1408"]
[PlyCount "39"]
[EventDate "2016.05.15"]
[EventType "swiss"]
[EventRounds "9"]
[EventCountry "GER"]
[SourceTitle "CBM 172 Extra"]
[Source "ChessBase"]
[SourceDate "2016.06.21"]
[SourceVersion "1"]
[SourceVersionDate "2016.06.21"]
[SourceQuality "1"]

1. d4 d5 2. Nf3 Nf6 3. Bf4 c5 4. e3 Nc6 5. Nbd2 Qb6 6. c4 cxd4 7. cxd5 Nxd5 8. Nc4 Qd8 9. Nxd4 Nxd4 10. Qxd4 Be6 11. Ne5 a6 12. a3 Qb6 13. Qa4+ Kd8 14. Rd1 Qc5 15. e4 b5 16. Qa5+ Ke8 17. exd5 Bxd5 18. Be3 Qd6 19. Bxb5+ axb5 20. Qxb5+ 1-0

[Event "GER-ch U25-B"]
[Site "Willingen"]
[Date "2016.05.16"]
[Round "3"]
[White "Lessmann, Soenke"]
[Black "Kolb, Verena"]
[Result "1/2-1/2"]
[WhiteElo "1408"]
[BlackElo "1539"]
[PlyCount "56"]
[EventDate "2016.05.15"]
[EventType "swiss"]
[EventRounds "9"]
[EventCountry "GER"]
[SourceTitle "CBM 172 Extra"]
[Source "ChessBase"]
[SourceDate "2016.06.21"]
[SourceVersion "1"]
[SourceVersionDate "2016.06.21"]
[SourceQuality "1"]

1. e4 e6 2. d3 d5 3. Nd2 Nf6 4. g3 dxe4 5. dxe4 e5 6. Bg2 Nc6 7. Ngf3 Bg4 8. 0-0 Bd6 9. Re1 0-0 10. Nc4 Nd4 11. c3 Nxf3+ 12. Bxf3 Bxf3 13. Qxf3 h6 14. Rd1 Qe7 15. Nxd6 cxd6 16. b3 Rfd8 17. Ba3 Qc7 18. Rd2 Qc6 19. Re1 d5 20. exd5 Rxd5 21. Rde2 e4 22. Qe3 Rd3 23. Qc5 Rxc3 24. Qxc6 Rxc6 25. Bb2 Re8 26. Bxf6 Rxf6 27. Rxe4 Rxe4 28. Rxe4 Re6 1/2-1/2

[Event "GER-chT U10"]
[Site "Magdeburg"]
[Date "2014.12.29"]
[Round "7.3"]
[White "Cheng, Dino Liwen"]
[Black "Lessmann, Soenke"]
[Result "0-1"]
[WhiteElo "1029"]
[BlackElo "1151"]
[PlyCount "80"]
[EventDate "2014.12.27"]
[EventType "team-swiss"]
[EventRounds "7"]
[EventCountry "GER"]
[SourceTitle "EXT 2016"]
[Source "ChessBase"]
[SourceDate "2015.10.08"]
[SourceVersion "1"]
[SourceVersionDate "2015.10.08"]
[SourceQuality "1"]
[WhiteTeam "Muenchen Suedost"]
[BlackTeam "Rheydt"]
[WhiteTeamCountry "GER"]
[BlackTeamCountry "GER"]

1. e4 e5 2. Nf3 Nc6 3. Bc4 Bc5 4. c3 Nf6 5. d3 d6 6. Nbd2 Be6 7. d4 exd4 8. Bxe6 fxe6 9. b4 dxc3 10. bxc5 cxd2+ 11. Bxd2 Nxe4 12. 0-0 Nxc5 13. Bg5 Qd7 14. Be3 Ne4 15. Rb1 Nc3 16. Qb3 Nxb1 17. Rxb1 0-0 18. Qd1 Rab8 19. Nd4 Nxd4 20. Bxd4 c5 21. Ba1 c4 22. Qg4 d5 23. Re1 Rfe8 24. Re5 Rbc8 25. Rh5 c3 26. Re5 c2 27. Re1 c1Q 28. Qd1 Qxd1 29. Rxd1 Qa4 30. Rf1 Qxa2 31. h3 Qc4 32. Be5 Qxf1+ 33. Kxf1 Rc1+ 34. Ke2 Rec8 35. Kf3 R1c3+ 36. Bxc3 Rxc3+ 37. Kg4 Kf7 38. Kh5 g5 39. Kxg5 Rc4 40. g4 d4 0-1

[Event "GER-chT U10"]
[Site "Magdeburg"]
[Date "2014.12.29"]
[Round "6.3"]
[White "Lessmann, Soenke"]
[Black "Dunder, Tim"]
[Result "1-0"]
[WhiteElo "1151"]
[BlackElo "830"]
[PlyCount "63"]
[EventDate "2014.12.27"]
[EventType "team-swiss"]
[EventRounds "7"]
[EventCountry "GER"]
[SourceTitle "EXT 2016"]
[Source "ChessBase"]
[SourceDate "2015.10.08"]
[SourceVersion "1"]
[SourceVersionDate "2015.10.08"]
[SourceQuality "1"]
[WhiteTeam "Rheydt"]
[BlackTeam "Hohentuebingen"]
[WhiteTeamCountry "GER"]
[BlackTeamCountry "GER"]

1. e4 c5 2. Nf3 a6 3. d4 cxd4 4. Nxd4 e5 5. Nf3 Nc6 6. Bc4 Bc5 7. 0-0 Nf6 8. Nc3 d6 9. Bg5 h6 10. Bxf6 Qxf6 11. Nd5 Qd8 12. c3 Be6 13. b4 Bb6 14. Qd3 Ba7 15. Rfd1 0-0 16. Bb3 Rc8 17. Rac1 Bb8 18. Rd2 Qd7 19. Nb6 Rfd8 20. Nxd7 Nxb4 21. Qb1 Rxd7 22. Bxe6 fxe6 23. cxb4 Rxc1+ 24. Qxc1 Rc7 25. Rc2 Rxc2 26. Qxc2 Ba7 27. Qc8+ Kh7 28. Qxb7 Bxf2+ 29. Kxf2 h5 30. Ng5+ Kh6 31. Nxe6 h4 32. Qxg7+ 1-0

[Event "GER-chT U10"]
[Site "Magdeburg"]
[Date "2014.12.27"]
[Round "1.3"]
[White "Schauder, Finn Leon"]
[Black "Lessmann, Soenke"]
[Result "0-1"]
[WhiteElo "1011"]
[BlackElo "1151"]
[PlyCount "72"]
[EventDate "2014.12.27"]
[EventType "team-swiss"]
[EventRounds "7"]
[EventCountry "GER"]
[SourceTitle "EXT 2016"]
[Source "ChessBase"]
[SourceDate "2015.10.08"]
[SourceVersion "1"]
[SourceVersionDate "2015.10.08"]
[SourceQuality "1"]
[WhiteTeam "Braunschweig"]
[BlackTeam "Rheydt"]
[WhiteTeamCountry "GER"]
[BlackTeamCountry "GER"]

1. e4 e5 2. Nf3 Nc6 3. Bc4 Bc5 4. Nc3 d6 5. d3 Bg4 6. h3 Be6 7. Bb3 Nf6 8. Bg5 h6 9. Bh4 g5 10. Bg3 Qd7 11. Qd2 0-0-0 12. 0-0-0 Nh5 13. Bh2 Rhf8 14. g4 Ng7 15. Qe2 Qe7 16. Bg3 Rd7 17. Rd2 Rfd8 18. Rhd1 h5 19. h4 Bxg4 20. hxg5 Nd4 21. Qf1 Nxf3 22. Re2 Nd4 23. Red2 Bxd1 24. Qxd1 Qxg5 25. Kb1 Qg4 26. Qe1 Nf3 27. Qc1 Nxd2+ 28. Qxd2 h4 29. Bh2 Qg2 30. Qh6 Qxf2 31. a3 Qxh2 32. Qxg7 h3 33. Bxf7 Qg1+ 34. Qxg1 Bxg1 35. Be6 h2 36. Bxd7+ Rxd7 0-1